Drapeaux de pays du monde #1 - Statistiques

Statistiques générales
  • Ce quiz a été pris 803 fois
  • Le résultat moyen est 16 sur 18
Statistiques - réponses
Par images Réponse % Correct
Canada
99%
Etats-Unis
99%
Royaume-Uni
99%
France
98%
Italie
98%
Japon
97%
Australie
96%
Corée du Sud
95%
Russie
95%
Irlande
94%
Brésil
93%
Pays-Bas
93%
Nouvelle-Zélande
91%
Hongrie
82%
Bulgarie
78%
Bangladesh
74%
Madagascar
57%
Palaos
40%
Aucun quiz correspondant
Distribution des résultats
% des personnes avec chaque résultat
Percentile par nombre de réponses
Votre historique - résultats
Vous n’avez pas pris ce quiz